000 00956nam a2200265 i 4500
001 bg
003 BPK
005 20211105101023.0
008 s1988 pl f |000 0 pol
040 _cBPK
041 _apol
080 _a621.43
080 _a629.3
245 0 _aEksploatacja /
_c[red. nauk. Janusz Mysłowski].
260 _aSzczecin,
_c1988.
490 1 _aPrace Naukowe Politechniki Szczecińskiej. Zakład Techniki i Eksploatacji Samochodów,
_x0208-8088 ;
_vnr 11
500 _aNumeracja ser. gł. : nr 363.
650 4 _aSamochody
650 4 _aObsługa i eksploatacja
658 _aInżynieria i technika
700 1 _aMysłowski, Janusz
_d(1938-2020)
_eRedakcja
830 0 _aPrace Naukowe Politechniki Szczecińskiej.
_pZakład Techniki i Eksploatacji Samochodów ;
_vnr 11
856 _uhttp://koha.tu.koszalin.pl/cgi-bin/koha/opac-detail.pl?biblionumber=28998
_yKatalog online BPK
942 _cKS
_2UKD
999 _c28998
_d28998